000 nam a22 7a 4500
999 _c128951
_d128951
008 190212b xxu||||| |||| 00| 0 eng d
050 _aBT130.E25
100 _aEdwards, John C.
_944530
245 _aWays of knowing
_bGod's existence and his will
_cJohn C. Edwards
260 _aOxford
_bFamily Publications
_c1997
300 _a79p. ;
_c19cm.
650 _aGod, Knowledge of
_944531
942 _2lcc
_cMONOGRAPH